|
|
|
|
| LEADER |
01005nam a22002537a 4500 |
| 001 |
42684 |
| 003 |
BD-DhAAL |
| 005 |
20240625143558.0 |
| 008 |
240625t1997 nyua|||| |||| 00| 0 eng d |
| 020 |
|
|
|a 00214666533
|
| 040 |
|
|
|a BD-DhAAL
|d BD-DhAAL
|
| 082 |
|
|
|a 300.71073
|
| 245 |
|
|
|a Communities :
|b adventures in time and place /
|c James A. Banks ... [et al.] ; National Geographic Society.
|
| 246 |
|
|
|a Sources, stories, and songs anthology communities :
|b adventures in time and place /
|
| 264 |
|
|
|a New York, N.Y. :
|b McGraw-Hill,
|c ©1997
|
| 300 |
|
|
|a x, 165 pages :
|b color illustrations, maps (some color) ;
|c 28 cm.
|
| 541 |
|
|
|a Donation from the Asia Foundation/Savar Campus Library
|e 42684
|
| 650 |
|
|
|a Social sciences
|x Study and teaching (Secondary).
|9 56581
|
| 650 |
|
|
|a Social sciences
|x Study and teaching (Elementary).
|
| 651 |
|
|
|a United States
|x Study and teaching (Elementary).
|
| 700 |
|
|
|a Banks, James A.
|
| 710 |
|
|
|a National Geographic Society.
|
| 942 |
|
|
|2 ddc
|c BK
|
| 999 |
|
|
|c 46745
|d 46745
|